Draft guidance (Record no. 69721)

MARC details
000 -LEADER
fixed length control field 01063cam a2200253 4500
001 - CONTROL NUMBER
control field WB3809-25
008 - FIXED-LENGTH DATA ELEMENTS--GENERAL INFORMATION
fixed length control field 020306n2002 000 0 eng u
035 ## - SYSTEM CONTROL NUMBER
System control number (Sirsi) u117032
245 ## - TITLE STATEMENT
Title Draft guidance
260 ## - PUBLICATION, DISTRIBUTION, ETC.
Date of publication, distribution, etc. 2002
490 ## - SERIES STATEMENT
Series statement RICS Rural Faculty News
Volume/sequential designation 5 March 2002 (1)
520 ## - SUMMARY, ETC.
Summary, etc. RICS has responded to the DTI consultation paper, "Draft guidance for applicants and landowners/occupiers" relating to Electricity Act 1989 Sch 4. RICS believes the current procedures and regulations relating to wayleaves and easements are overly complex and lead to confusion. The full submission is at http://www.rics.org/ricscms/bin/show?class=Policy&template=/includes/showpolicy.html&id=668 For further information contact Ewan Willars t +44 (0)20 73343751 or e [email protected]
590 ## - LOCAL NOTE (RLIN)
Local note WB
650 ## - SUBJECT ADDED ENTRY--TOPICAL TERM
Topical term or geographic name entry element LANDOWNERS
650 ## - SUBJECT ADDED ENTRY--TOPICAL TERM
Topical term or geographic name entry element OCCUPIERS
650 ## - SUBJECT ADDED ENTRY--TOPICAL TERM
Topical term or geographic name entry element GUIDANCE
650 ## - SUBJECT ADDED ENTRY--TOPICAL TERM
Topical term or geographic name entry element RICS
650 ## - SUBJECT ADDED ENTRY--TOPICAL TERM
Topical term or geographic name entry element WAYLEAVES
650 ## - SUBJECT ADDED ENTRY--TOPICAL TERM
Topical term or geographic name entry element EASEMENTS
650 ## - SUBJECT ADDED ENTRY--TOPICAL TERM
Topical term or geographic name entry element ELECTRICITY ACT 1989 SCH 4
650 ## - SUBJECT ADDED ENTRY--TOPICAL TERM
Topical term or geographic name entry element RIGHTS OF WAY
690 ## - LOCAL SUBJECT ADDED ENTRY--TOPICAL TERM (OCLC, RLIN)
Topical term or geographic name as entry element PROPERTY
942 ## - ADDED ENTRY ELEMENTS (KOHA)
Suppress in OPAC 0
Holdings
Withdrawn status Lost status Source of classification or shelving scheme Damaged status Not for loan Home library Current library Shelving location Date acquired Total Checkouts Full call number Barcode Date last seen Copy number Price effective from Koha item type
    Dewey Decimal Classification     London London News article 06/03/2002   WB3809-25 117032-1001 06/08/2019 1 06/08/2019 News article